Nuclear physics. (Record no. 161806)
[ view plain ]
| 000 -LEADER | |
|---|---|
| fixed length control field | 00553nam a2200229Ia 4500 |
| 003 - CONTROL NUMBER IDENTIFIER | |
| control field | OSt |
| 005 - DATE AND TIME OF LATEST TRANSACTION | |
| control field | 20230617094331.0 |
| 008 - FIXED-LENGTH DATA ELEMENTS--GENERAL INFORMATION | |
| fixed length control field | 210423s2011 xx 000 0 und d |
| 020 ## - INTERNATIONAL STANDARD BOOK NUMBER | |
| International Standard Book Number | 9788184871043 |
| 040 ## - CATALOGING SOURCE | |
| Transcribing agency | AL |
| 041 ## - LANGUAGE CODE | |
| Language code of text/sound track or separate title | eng |
| 082 ## - DEWEY DECIMAL CLASSIFICATION NUMBER | |
| Classification number | 539.7 DEVV |
| Edition number | 23 |
| 100 ## - MAIN ENTRY--PERSONAL NAME | |
| Personal name | DEVANATHAN (V). |
| 9 (RLIN) | 93979 |
| 245 ## - TITLE STATEMENT | |
| Title | Nuclear physics. |
| 250 ## - EDITION STATEMENT | |
| Edition statement | 2 |
| 260 ## - PUBLICATION, DISTRIBUTION, ETC. | |
| Place of publication, distribution, etc. | New Delhi |
| Name of publisher, distributor, etc. | Narosa Publishing House |
| Date of publication, distribution, etc. | 2011 |
| 300 ## - PHYSICAL DESCRIPTION | |
| Extent | xv,406p |
| Other physical details | PB |
| 365 ## - TRADE PRICE | |
| Price amount | 290 |
| Currency code | INR |
| 650 ## - SUBJECT ADDED ENTRY--TOPICAL TERM | |
| Topical term or geographic name entry element | Nuclear Physics |
| 9 (RLIN) | 93980 |
| 906 ## - LOCAL DATA ELEMENT F, LDF (RLIN) | |
| a | Nuclear ; physics. |
| 942 ## - ADDED ENTRY ELEMENTS (KOHA) | |
| Source of classification or shelving scheme | Dewey Decimal Classification |
| Koha item type | Book |
| Withdrawn status | Lost status | Damaged status | Not for loan | Collection code | Home library | Current library | Date acquired | Source of acquisition | Cost, normal purchase price | Total Checkouts | Full call number | Barcode | Date last seen | Date last checked out | Price effective from | Koha item type |
|---|---|---|---|---|---|---|---|---|---|---|---|---|---|---|---|---|
| Physics | St Aloysius PG Library | St Aloysius PG Library | 06/28/2012 | Athulya Books | 290.00 | 1 | 539.7 DEVV | PG008299 | 03/02/2026 | 02/18/2026 | 04/26/2021 | Book | ||||
| Physics | St Aloysius PG Library | St Aloysius PG Library | 12/31/2012 | Higginbothams Pvt Ltd | 290.00 | 1 | 539.7 DEVV | PG008615 | 01/16/2025 | 01/04/2025 | 04/26/2021 | Book | ||||
| Physics | St Aloysius PG Library | St Aloysius PG Library | 12/31/2012 | Higginbothams Pvt Ltd | 290.00 | 2 | 539.7 DEVV | PG008616 | 08/01/2024 | 07/18/2024 | 04/26/2021 | Book |